| 000 | 00724nmc a2200289 a 4500 | ||
|---|---|---|---|
| 003 | AR-BaBNM | ||
| 005 | 20251128203636.0 | ||
| 008 | 177019s1943 ||||||||||||||000 | spa|| | ||
| 040 | _cAR-BaBNM | ||
| 100 | 1 | _aMauclair, Camilo | |
| 245 | 1 | 0 | _aLeonardo de Vinci |
| 260 |
_aBuenos Aires _bSchapire _c1943 |
||
| 300 | 0 |
_a129 p. _bláms. |
|
| 490 | 0 | _aAlba | |
| 500 | 0 | _aContiene índice de ilustraciones en p. 127 | |
| 650 | 4 | _aBIOGRAFIAS | |
| 650 | 4 | _aRENACIMIENTO | |
| 650 | 4 | _aESTETICA | |
| 650 | 4 | _aCRITICA DE ARTE | |
| 650 | 4 | _aARTES PLASTICAS | |
| 650 | 4 | _aESTILOS ARTISTICOS | |
| 650 | 4 | _aARTE EUROPEO | |
| 655 | _aBIOGRAFIAS | ||
| 700 | 1 |
_aAbril, Manuel _etraductor |
|
| 942 | _cBK | ||
| 998 | _cMARTIN | ||
| 999 |
_c4289 _d4289 |
||